00244nam a2200085Ia 4500008004100000041000800041100002600049245004800075260003500123241105s9999 xx 000 0 und d aeng aGandhalikar Rajashree aWedding Resort At Dhule Mumbai Agra Highway bFinal Year B. Arch, BNCAc2014